Főkönyvi számlák alátámasztása (Rekonsziliáció)

Bibliographic Details
Main Author: Csoór Arvid
Other Authors: Siklósi Dr. Ágnes
Format: Thesis
Kulcsszavak:Főkönyvi számlák alátámasztása
Rekonsziliáció
Készletértékesítés számlázásának felülvizsgálata
Online Access:http://dolgozattar.uni-bge.hu/11710

MARC

LEADER 00000nta a2200000 i 4500
001 dolg11710
005 20170517105315.0
008 170517suuuu hu om 000 hun d
040 |a BGE Dolgozattár Repozitórium  |b hun 
041 |a hu 
100 1 |a Csoór Arvid 
245 1 0 |a Főkönyvi számlák alátámasztása (Rekonsziliáció)  |c Csoór Arvid  |h [elektronikus dokumentum] 
246 1 1 |a Főkönyvi számlák alátámasztása (Rekonsziliáció) 
695 |a Főkönyvi számlák alátámasztása 
695 |a Rekonsziliáció 
695 |a Készletértékesítés számlázásának felülvizsgálata 
700 1 |a Siklósi Dr. Ágnes  |e ths 
856 4 0 |u http://dolgozattar.uni-bge.hu/11710/1/Szakdolgozat.pdf  |z Dokumentum-elérés